LEADER 00953cam0 2200289 450 001 E600200043524 005 20200722115146.0 100 $a20081219d1970 |||||ita|0103 ba 101 $afre 102 $aFR 200 1 $a<>Benelux$fFrançois Gay$gPaul Wagret 205 $a4.éd.refondue 210 $aParis$cPresses Universitaires de France$d1970 215 $a126 p.$cill.$d17 cm 225 2 $aQue sais-je?$v870 410 1$1001LAEC00016182$12001 $a*Que sais-je?$v870 700 1$aGay$b, François$3A600200051629$4070$0376494 702 1$aWagret, Paul$3A600200051630$4070 801 0$aIT$bUNISOB$c20200722$gRICA 850 $aUNISOB 852 $aUNISOB$j910|Coll|3|K$m14418 912 $aE600200043524 940 $aM 102 Monografia moderna SBN 941 $aM 957 $a910|Coll|3|K$b000032$gSi$d14418$racquisto$1catenacci$2UNISOB$3UNISOB$420081219113139.0$520200722115135.0$6Spinosa 996 $aBenelux$91680990 997 $aUNISOB LEADER 00869nam0 22002651i 450 001 RML0251516 005 20231121125710.0 010 $a8813196385 100 $a20121121d1997 ||||0itac50 ba 101 | $aita 102 $ait 181 1$6z01$ai $bxxxe 182 1$6z01$an 200 1 $aCommentario breve al codice civile 210 $aPadova $cCedam $d1997 606 $aDiritto privato$2FIR$3RMLC064825$9I 702 1$aCian$b, Giorgio$3RMLV163107 801 3$aIT$bIT-01$c20121121 850 $aIT-FR0098 899 $aBiblioteca Area Giuridico Economica$bFR0098 912 $aRML0251516 950 0$aBiblioteca Area Giuridico Economica$d 53DSG COD/BI002$e 53VM 0000223895 VM barcode:19590-10. - Inventario:2641VM$fA $h20010423$i20121204 977 $a 53 996 $aCommentario$91407416 997 $aUNICAS